000 00598nam a22002417a 4500
003 UA-OsUOA
001 32922
007 ta
008 20050221b un ||||| |||| 00| 0 ukr d
090 _a651:347.9
_bД29
942 _cBK
040 _aUA-OsUOA
_brus
_cUA-OsUOA
_dUA-OsUOA
245 _aДелопроизводство в судах
_cРед. М.А.Подобед
300 _a240 с.
955 _a0
041 _arus
080 _a651:347.9
020 _a5-94909-370-4
260 _aМосква
_bКнига сервис
_c2004
044 _aRU
650 7 _2UDC
999 _c319377
_d319377